000 00937nam a2200193 a 4500
001 BRCA_9075
005 20190320210520.0
008 050917s1757----sp-#######---#000-0#lat-#
041 _alat
084 _aCO31
_b.L36 1757
100 1 _aLancelotti, Pauli Jo.
_922440
245 1 0 _aGregorii papae IX decretales una cum libro sexto, clementinis et extravagantibus, ad veteres códices restitutae et notis illustratae
_bquibus accedunt septimus decretalium
_cet Jo. Pauli Lancelotti Institutiones Juris Canonici, cum indicibus necessariis; tomus secundus.
260 _aColoniae Munatianae
_bImpensis Thurnisii, Joh. Rudolphi Filii, Bibliop. & Typor.
_c1757
_c24.5 x 19 cm
500 _aEstado físico: presenta encuadernación en pergamino con cintas rotas y lomo semi desprendido
500 _aLa paginación viene dividida por secciones.
650 1 4 _aDerecho canónico
_yObras anteriores a 1800
_922085
902 _aCFM
942 _2lcc
_cB
999 _c8725
_d8725